Statistics for Countries with Lowest % of Paved Roads

Click here to take the quiz!

General Stats

  • This quiz has been taken 75 times
  • The average score is 11 of 20

Answer Stats

Percentage of Paved RoadsCountry% Correct
1.8Congo (Dem. Rep.)
91%
0.8Chad
83%
2.7Central African Republic
77%
9.8Guinea
77%
8.4Cameroon
64%
8.0Sierra Leone
63%
8.1Côte d' Ivoire
59%
4.2Burkina Faso
58%
6.2Liberia
56%
3.5Mongolia
56%
9.5Benin
53%
3.5Papua New Guinea
52%
5.0Congo (Rep.)
48%
8.6Tanzania
48%
5.5Brazil
47%
7.4Guyana
47%
9.5Bangladesh
45%
7.0Bolivia
45%
6.3Cambodia
30%
2.4Solomon Islands
22%

Score Distribution

Percentile by Number Answered

Percent of People with Each Score

Your Score History

You have not taken this quiz